| 000 | 01243nam a22002775a 4500 | ||
|---|---|---|---|
| 003 | OSt | ||
| 005 | 20170118124338.0 | ||
| 008 | 170116s2007 ua frb 000 0 ara d | ||
| 016 | _21986 / 8001 | ||
| 040 |
_aEG-ScBUE _bara _cEG-ScBUE _dEG-ScBUE |
||
| 043 | _af-ua--- | ||
| 082 | 0 | 4 |
_a344.6204194 _bأ ب و _222 |
| 100 | 1 | _aأبو خطوة، أحمد شوقي عمر. | |
| 245 | 1 | 2 |
_aالقانون الجنائي والطب الحديث : _bدراسة تحليلية مقارنة لمشروعية نقل وزرع الأعضاء البشرية / _cأحمد شوقي عمر أبو خطوة. |
| 250 | _aط. 5. | ||
| 260 |
_aالقاهرة : _bدار النهضة العربية، _c2007. |
||
| 300 |
_a262 ص. ؛ _c24 سم. |
||
| 504 | _aيشتمل على إرجاعات ببليوجرافية. | ||
| 650 | 7 |
_aزراعة الأعضاء والأنسجة _xقوانين وتشريعات _zمصر. _2BUEsh _941144 |
|
| 650 | 7 |
_aزراعة الأعضاء والأنسجة (فقه إسلامي) _2BUEsh _941041 |
|
| 650 | 7 |
_aالطب _xقوانين وتشريعات _zمصر. _2BUEsh _941155 |
|
| 650 | 7 |
_aالمسئولية الجنائية للأطباء _zمصر. _2BUEsh _941154 |
|
| 651 | _2BUEsh | ||
| 653 |
_bLLAAWW _cJanuary2017 |
||
| 942 | _2ddc | ||
| 999 |
_c23969 _d23941 |
||